Tiger in the bush / (Record no. 63020)
[ view plain ]
| 000 -LEADER | |
|---|---|
| fixed length control field | 00666nam a2200217 a 4500 |
| 001 - CONTROL NUMBER | |
| control field | 63020 |
| 003 - CONTROL NUMBER IDENTIFIER | |
| rucl marc code | BD-RjUL |
| 005 - DATE AND TIME OF LATEST TRANSACTION | |
| control field | 20211209081142.0 |
| 008 - FIXED-LENGTH DATA ELEMENTS--GENERAL INFORMATION | |
| fixed length control field | 170128r19651957enka j 000 1 eng d |
| 035 ## - SYSTEM CONTROL NUMBER | |
| System control number | (BD-RjUL)63148 |
| 040 ## - CATALOGING SOURCE | |
| Original cataloging agency | ISM |
| Transcribing agency | ISM |
| Modifying agency | UKM |
| -- | BD-RjUL |
| Language of cataloging | eng |
| 082 ## - DEWEY DECIMAL CLASSIFICATION NUMBER | |
| Classification number | 823.3 |
| Edition number | 23 |
| Author mark and year | CHT 1965 |
| 100 1# - MAIN ENTRY--PERSONAL NAME | |
| Personal name | Chauncy, Nan, |
| Dates associated with a name | 1900-1970. |
| 9 (RLIN) | 187476 |
| 245 10 - TITLE STATEMENT | |
| Title | Tiger in the bush / |
| Statement of responsibility, etc. | Nan Chauncy ; illustrated by Margaret Horder |
| 260 ## - PUBLICATION, DISTRIBUTION, ETC. (IMPRINT) | |
| Place of publication, distribution, etc. | Oxford University Press : |
| Name of publisher, distributor, etc. | London, |
| Date of publication, distribution, etc. | 1957 [reprinted 1965] |
| 300 ## - PHYSICAL DESCRIPTION | |
| Pagination | 171 p. : |
| Illustrations | ill. ; |
| Size | 19 cm |
| 650 ## - SUBJECT ADDED ENTRY--TOPICAL TERM | |
| Topical term or geographic name as entry element | Thylacine |
| 9 (RLIN) | 187477 |
| Topical term or geographic name as entry element | Tasmania |
| 9 (RLIN) | 187478 |
| Topical term or geographic name as entry element | Children's stories |
| 9 (RLIN) | 187479 |
| 942 ## - ADDED ENTRY ELEMENTS (KOHA) | |
| Source of classification or shelving scheme | Dewey Decimal Classification |
| Koha item type | Books |
| Lost status | Source of classification or shelving scheme | Damaged status | Not for loan | Collection code | Permanent Location | Current Location | Shelving location | Date acquired | Source of acquisition | Cost, normal purchase price | Total Checkouts | Full call number | Date last seen | Copy number | Koha item type |
|---|---|---|---|---|---|---|---|---|---|---|---|---|---|---|---|
| Dewey Decimal Classification | Not For Loan | Non-fiction | Central Library, University of Rajshahi | Central Library, University of Rajshahi | Reading Room | 01/01/1970 | Zeit | 12.60 | 823.3 CHT 1965 | 28/01/2017 | C-1 | Books |